000 00587 a2200169 4500
999 _c5682
_d5682
010 _aENG-86999
020 _c70.00
035 _aEN-70532
037 _bDBAD / PUB
082 1 4 _a425
100 1 _aAppuraj, B.
245 1 _aAn easy guide to english grammer :
_cby B.Appuraj
_binnovative with Tamil explanations /
260 _aArakkonam (Tamilnadu)
_bThannmathy Pathippagam
_c2006
270 _aD-2/6, Ramco Staff Quarters, Winterpet
_bArakkonam
_e631 005
_k04177-226601, 9443800276
_cTamilnadu
300 _aV. II (181p)
_c21 cm (Pbk)
942 _adpl
_cEN
_2ddc
_h425
_mAPP